Islands of the Arctic Achipelago - Statistics

General Stats
  • This quiz has been taken 58 times
  • The average score is 9 of 20
Answers on the Map
Answers color-coded by a green-red scale on the quiz's map according to % correct below.
 
Answer Stats
Islands % Correct
Baffin
100%
Ellesmere
83%
Victoria
83%
Banks
67%
Devon
52%
Axel Heiberg
48%
Southampton
48%
Melville
44%
Prince of Wales
44%
Somerset
42%
Mackenzie King
40%
Cornwallis
33%
King William
33%
Prince Patrick
31%
Bathurst
29%
Bylot
27%
Ellef Ringnes
27%
Amund Ringnes
23%
Prince Charles
23%
Coats
19%
No matching quizzes found
Score Distribution
Percent of People with Each Score
Percentile by Number Answered
Your Score History
You have not taken this quiz